[Event "GER-ch Youth-B"]
[Site "Willingen"]
[Date "2022.06.05"]
[Round "2"]
[White "Paqarizi, Endrit"]
[Black "Sari, Reber Furkan"]
[Result "1-0"]
[WhiteElo "1380"]
[BlackElo "1292"]
[PlyCount "111"]
[EventDate "2022.06.04"]
[EventType "swiss"]
[EventRounds "9"]
[EventCountry "GER"]
[SourceTitle "CBM 208 Extra"]
[Source "ChessBase"]
[SourceDate "2022.07.31"]
[SourceVersion "1"]
[SourceVersionDate "2022.07.31"]
[SourceQuality "1"]

1. d4 Nf6 2. Nc3 d5 3. Bf4 c5 4. e3 a6 5. dxc5 Nc6 6. Nf3 Qa5 7. Bd3 Bg4 8. 0-0 e5 9. e4 dxe4 10. Bxe4 Nxe4 11. Nxe4 exf4 12. Re1 Ne5 13. Nd6+ Bxd6 14. Qxd6 Be6 15. Qxe5 0-0 16. Ng5 Bd7 17. Qxf4 Qxc5 18. Rad1 Bc6 19. Rd2 h6 20. Ne4 Rae8 21. Rde2 Qd5 22. c4 Qd3 23. Re3 Rxe4 24. Rxe4 Bxe4 25. Qxe4 Qxe4 26. Rxe4 Rd8 27. g3 Rd2 28. b3 Kf8 29. a3 Ra2 30. a4 Rb2 31. Re3 f6 32. Kg2 Kf7 33. Kf3 g5 34. Rd3 Ke6 35. Ke3 Ke5 36. h3 h5 37. f3 b6 38. Rc3 Rh2 39. c5 bxc5 40. Rxc5+ Kd6 41. Ra5 Rxh3 42. Rxa6+ Ke5 43. Ra5+ Ke6 44. b4 Rxg3 45. Kf2 h4 46. b5 g4 47. Ra6+ Kf5 48. fxg4+ Rxg4 49. a5 Kg6 50. b6 h3 51. b7 h2 52. b8Q h1Q 53. Qg8+ Kf5 54. Qe6+ Kf4 55. Qxf6+ Ke4 56. Qc6+ 1-0

[Event "GER-ch U25-B"]
[Site "Willingen"]
[Date "2019.06.09"]
[Round "2"]
[White "Paqarizi, Endrit"]
[Black "Thumm, Niklas"]
[Result "0-1"]
[WhiteElo "1414"]
[BlackElo "1732"]
[PlyCount "76"]
[EventDate "2019.06.08"]
[EventType "swiss"]
[EventRounds "9"]
[EventCountry "GER"]
[SourceTitle "CBM 191 Extra"]
[Source "ChessBase"]
[SourceDate "2019.09.30"]
[SourceVersion "1"]
[SourceVersionDate "2019.09.30"]
[SourceQuality "1"]

1. d4 Nf6 2. Nc3 d5 3. Bf4 e6 4. e3 c5 5. Nb5 Na6 6. c3 Qb6 7. Qc2 Bd7 8. dxc5 Bxc5 9. Nd4 Rc8 10. Bd3 Bxd4 11. exd4 Nb4 12. Qd2 Nxd3+ 13. Qxd3 Qxb2 14. Rb1 Qxa2 15. Rxb7 Qa1+ 16. Rb1 Qxc3+ 17. Qxc3 Rxc3 18. Ne2 Rc8 19. Bd6 a5 20. 0-0 Ne4 21. Bf4 0-0 22. f3 Nf6 23. Rb7 Bc6 24. Ra7 Ra8 25. Rxa8 Rxa8 26. Ra1 Nd7 27. Bc7 a4 28. Kf2 f6 29. Ke3 e5 30. Nc3 Kf7 31. f4 Ke6 32. dxe5 fxe5 33. fxe5 Nxe5 34. Bxe5 Kxe5 35. Kd3 a3 36. Na2 Bb5+ 37. Kd2 Bc4 38. Nc3 a2 0-1

[Event "Niedersachsen-ch op C"]
[Site "Verden"]
[Date "2019.01.04"]
[Round "4"]
[White "Wilmink, Luca"]
[Black "Paqarizi, Endrit"]
[Result "1-0"]
[WhiteElo "1214"]
[BlackElo "1372"]
[PlyCount "83"]
[EventDate "2019.01.03"]
[EventType "swiss"]
[EventRounds "7"]
[EventCountry "GER"]
[SourceTitle "EXT 2022"]
[Source "ChessBase"]
[SourceDate "2021.10.06"]
[SourceVersion "1"]
[SourceVersionDate "2021.10.06"]
[SourceQuality "1"]

1. e4 d5 2. exd5 Qxd5 3. Nc3 Qa5 4. Bc4 Nf6 5. d3 c6 6. Nf3 Bg4 7. h3 Bh5 8. Bd2 Qd8 9. Qe2 e6 10. 0-0-0 Bxf3 11. Qxf3 Bd6 12. Ne4 Nxe4 13. dxe4 Nd7 14. Bc3 Nb6 15. Bb3 Qg5+ 16. Kb1 Ke7 17. h4 Qf4 18. Bb4 Qxf3 19. Bxd6+ Kf6 20. gxf3 g6 21. f4 Rhd8 22. Rd3 Rd7 23. Be5+ Ke7 24. Rxd7+ Nxd7 25. Bc3 f5 26. exf5 exf5 27. a3 Re8 28. Re1+ Kd8 29. Rxe8+ Kxe8 30. Bd4 c5 31. Be3 b6 32. Ba4 Ke7 33. b4 Nf6 34. bxc5 bxc5 35. Bxc5+ Ke6 36. Bxa7 Kd5 37. Bb3+ Ke4 38. Be3 Ng4 39. a4 Nxe3 40. fxe3 Kxe3 41. a5 Kxf4 42. a6 1-0